000
00316nam a22001457a 4500
008
230901b ||||| |||| 00| 0 eng d
020
_a
0521280133
041
_a
eng
080
_a
521
082
_a
521LON
100
_a
19
101
_a
ASTRO
245
_a
HIGH ENERGY ASTROPHYSIC
_c
LONGAIR.S.M
942
_2
udc
_c
BK
999
_c
60248
_d
60248